000 00630nam a22001937a 4500
003 OSt
005 20250625024320.0
008 250625b |||||||| |||| 00| 0 eng d
020 _a971-553-312-4
040 _aDWCL - Main lib
_cOC
082 _aFil. 899.211 B195n 2005
100 _aBalozo, Iluminada C.
245 _a Noli me tangere/
_cIluminada C. Balozo
260 _aQuezon City, Philippines :
_bAbiva publishing house, inc. ,
_cc2005.
300 _ax, 341 pages :
_billustrations
_c 25cm.
504 _aIncludes bibliographical references
650 _a1. Literature -- Philippines
942 _2ddc
_cBK - FIL
_kFil.
_n0
999 _c3265
_d3265